02806agaaa2200337 45000010005000000030009000050050017000140070009000310080040000400400023000800410013001031000050001161300038001662400040002042450182002442460033004262500022004592600091004813000033005725080148006055110091007535201130008445380016019745460013019906500063020037000070020667000062021369420012021989990019022109520239022291520IT-RoPAU20220918181223.0d cvaizq50131s9999||||xx ||| | || ||und|| aIT-RoPAUcIT-RoPAU aITALIANO aOphuls MaxgCodice regista SPICS: 1520936816 aLETTERA DA UNA SCONOSCIUTA936817 aLETTER FROM AN UNKNOWN WOMANgT1625 aLETTERA DA UNA SCONOSCIUTAcProdotto da: Houseman John -- Sceneggiatura: Koch Howard -- Diretto da: Ophuls MaxpLETTERA DA UNA SCONOSCIUTA (Rif. Codice opera principale : 21520) aLETTER FROM AN UNKNOWN WOMAN aEdizione Standard a(USA)bUNIVERSAL / Distribuzione: RAIg"1948 (1° ed.: 1983 ; Ed. Lingua Orig.: 1948)" aVHSbsonoro, b&wc120 minuti a"Fotografia: Planer Frank; Montaggio: Kent Ted J.; Musica: Amfitheatrof Daniele; Sceneggiatura: Koch Howard; Scenografia: Golitzen Alexander; " a"Fontaine Joan; Jourdan Louis; Christians Mady; Journet Marcel; Smith Art; Yorke Caro" aUNA RAGAZZA S'INNAMORA DI UN MUSICISTA SUO VICINO DI CASA QUESTI IGNORA ILSENTIMENTO CHE HA DESTATO IN UN CUORE INGENUO MA DOPO ALCUNI ANNI E VARIE VICENDE INCONTRA LA RAGAZZA SENZA RICONOSCERLA QUESTA VOLTA ESSA GLI FA COMPRENDERE IL SUO AMORE E LA LORO RELAZIONE NON E' SENZA CONSEGUENZE: UN FIGLIO NE E' IL FRUTTO MALGRADO QUESTO PRECEDENTE SCABROSO LA DONNA PIU' TARDI SPOSA UN RICCO ARISTOCRATICO ENTRAMBI HANNO STESO UN VELO SUL PASSATO MA UNGIORNO IN TEATRO ESSA INCONTRA IL MUSICISTA IL QUALE PUR NON RICONOSCENDOLA RESTA COLPITO DALLA SUA APPARIZIONE E LA SEGUE IL MARITO LI VEDE INSIEME E SFIDA A DUELLO IL MUSICISTA ESSA FUGGE CON UN FIGLIOLO QUESTI MUORE DI TIFO E COMUNICA ALLA MADRE L'IFEZIONE PRIMA DI MORIRE ESSA SCIRVE AL MUSICISTA UNA LETTERA IN CUI GLI RIVELA TUTTA LA TRAGEDIA DI DONNA CHE NON HA POTUTO RIVELARSI NELL'AMORE NEL LEGGERE LA LETTERA DELLA SCONOSCIUTA AMANTE IL MUSICISTA RICORDA AD UN TRATTO E RIEVOCA IL PASSATO E TROPPO TARDI CAPISCE LA LETTERA E' STATA INTERROTTA DALLA MORTE IL MUSICISTA LA LEGGE UN'ORA PRIMA DEL DUELLO E SPERA DI FARSI UCCIDERE DAL MARITO OFFESO FILM IN BIANCO E NERO aPAL, STEREO aITALIANO aDRAMMATICOeFILMS [VHS]xCodice MATERIA SPICS: 9960934083 aAmfitheatrof Danielee(musica)gCodice Musica SPICS: 25576936818 aOphuls Max e(regista)gCodice regista SPICS: 1520936819 cVH2ddc c104635d104635 001040621520_00000000000000071aSPICSbSPICSd2015-01-31l0o21520r2015-01-31 00:00:00w2015-01-31yVHzProgr. Ins.: 1316 / N.Vol.:1 / Copie: 1 / Pag.: / Copia rara: n.d. / date import: 1.2.2015 / By Epidotti, Trombetti, Vaglietti